| 000 | 01443nam0a22003251 4500 | ||
|---|---|---|---|
| 001 | rc\3254494 | ||
| 005 | 20250609171141.0 | ||
| 021 |
_aRU _b72-70750 |
||
| 021 |
_aRU _bРг1946-73 |
||
| 035 | _a(NLR Aleph) 007383466 | ||
| 090 |
_a6533545 _c6533545 |
||
| 100 | _a20130115d1972 |||y0rusy50 ca | ||
| 101 | 0 |
_arus _aeng |
|
| 102 | _aRU | ||
| 105 | _aa z ||||| | ||
| 200 | 1 |
_aФизика примесных центров в кристамах _eМатериалы междунар. симпозиума "Избранные проблемы теории примесного центра кристалла". Таллин, 21-26 сент. 1970 г. _fОтв. ред. Г.С. Завт _gАН ЭССР. Ин-т физики и астрономии |
|
| 210 |
_aТаллин _cБ. и. _d1972 |
||
| 215 |
_a683 с., 6 л. ил. _cграф. _d23 |
||
| 300 | _aТекст на рус. и англ. яз. | ||
| 300 | _aЗагл. также на англ. яз.: Physics of impurity centres in crystals | ||
| 320 | _aБиблиогр. в конце докл. | ||
| 517 | 0 | _aPhysics of impurity centres in crystals | |
| 702 | 1 |
_aЗавт _bГ.С. _4340 |
|
| 712 | 1 | 2 | _a"Избранные проблемы" теории примесного центра кристалла" семинар (1970; Таллин) |
| 801 | 0 |
_aRU _bNLR _gpsbo |
|
| 801 | 1 |
_aRU _bELAR _2rusmarc |
|
| 852 |
_aNLR _j72-5/5006 |
||
| 942 | _cBOOK | ||
| 980 | _aNB | ||